000 00914nam a22002295i 4500
001 164931
003 ES-MaACL
005 20240525062950.0
008 050812s1839 fr af | |||||||| ||fre d
040 _aCAM
_bspa
_cCAM
080 _a087.5:82
100 1 _aSchmid, Christoph von,
_d1768-1854
_9104449
245 1 3 _aLe bon Fridolin /
_cChanoine C. Schmid.
260 _aParis :
_bPitois-Levrault et C.,
_c1839 (
_fImprimerie de Hippolyte Tilliard)
300 _a2 v. (143 ; 140 p., [4] h. de lám.) ;
_c14 cm.
490 1 _aCollection des contes de M. Le Chanoine Schmid
594 _aTít. en antep.: "Le bon Fridolin et le méchant Thierry"
598 _aDato de serie tomado de la cub.
830 0 _aCollection des contes de M. Le Chanoine Schmid
_9188514
852 _aES-MaACL
_jD-3966
_z-- Enc. hol., conservando las cubs. originales
_z-- Enc. 2 t. en 1 v.
999 _c164931
_d164931